Pincipaux personnages des Simpsons - Statistiques

Statistiques générales
  • Ce quiz a été pris 300 fois
  • Le résultat moyen est 30 sur 86
Statistiques - réponses
Hint Réponse % Correct
Simpson Bart
100%
Simpson Homer
100%
Simpson Marge
100%
Simpson Lisa
99%
Simpson Maggie
96%
Flanders Ned
91%
Simpson Abraham
88%
Van Houten Milhouse
84%
Chien Petit Papa Noel
82%
Bouvier Selma
77%
Bouvier Patty
76%
Chat Boule de Neige II
75%
Szyslak Moe
74%
Nahasapeemapetilon (marché) Apu
66%
Carlson Carl
64%
Leonard Lenny
64%
Chauffeur de bus Otto
61%
Muntz Nelson
60%
Flanders Rod
58%
Gumble Barney
57%
Flanders Maude
57%
Flanders Todd
57%
Burns Charles Montgomery
56%
Wiggum Ralph
56%
Skinner Seymour
56%
Dessin animé Scratchy
50%
Meurtrier Tahiti Bob
49%
Jardinier Willie
48%
Dessin animé Itchy
47%
Brockman Kent
44%
D'Amico (mafia) Gros Tony
42%
Simpson Mona
38%
Clown Krusty le clown
35%
Prince Martin
35%
Cochon Spider-cochon
34%
Van Houten Kirk
33%
Professeur Krapabelle
33%
Maire Quimby
33%
Hibbert Docteur Hibbert / Julius
31%
Duff Duffman
30%
Nahasapeemapetilon Manjula
30%
Ziff Artie
28%
Wiggum Clancy
28%
Lovejoy Révérend Lovejoy / Timothy
28%
Mère de Skinner Agnes
26%
Italien Luigi
26%
McClure Troy McClure
26%
Prisonnier Le serpent
25%
Van Houten Luann
25%
Grimes Franck
24%
Lovejoy Helen
22%
Smithers Waylon
22%
Brute Jimbo
21%
Taupeman Hans
19%
Wiggum Sarah
17%
Alien Kang
16%
Professeur Hoover
14%
Simpson Hugo
14%
Bouvier Jacqueline
14%
Brute Kearney
14%
Alien Kodos
14%
Jumelles Terri
12%
Albertson Jeff / Le vendeur de BD
11%
Folle La folle aux chats
11%
Jumelles Sherri
11%
Brute Dolphin
10%
Chalmers (inspecteur) Gary
10%
Disco Stu Disco Stu / Stuart
9%
Burns Larry
9%
Cantinière Doris
8%
Docteur Riviera
8%
Singe Clown Tiny
8%
Del Roy Cletus
7%
Gunderson Gil
6%
Manque un bras Herman
6%
D'Amico Michael
6%
Bzzzzzz Homme abeille
5%
Lovejoy Jessica
5%
Bouvier Ling
5%
Hibbert Bernice
4%
Taylor Allison
2%
Scientifique Docteur Frink
2%
Van Houten Norbert
2%
Borton Wendell
1%
Del Roy Blondine
0%
Simpson Omar
0%
Aucun quiz correspondant
Distribution des résultats
% des personnes avec chaque résultat
Percentile par nombre de réponses
Votre historique - résultats
Vous n’avez pas pris ce quiz